| 000 | 00782cam a2200265 a 4500 | ||
|---|---|---|---|
| 001 | 133375 | ||
| 003 | OSt | ||
| 005 | 20180921 | ||
| 008 | 0000001985 0000000000 00 | ||
| 020 | _a0025-732x | ||
| 245 |
_aThe medical letter compendio de interacciones de medicamentos / _cedit. Martin A. Rizack, Carol D.M. Hillman |
||
| 260 |
_aBarcelona : _bJ. R. Prous |
||
| 300 | _a134 p. | ||
| 650 |
_aFarmacología _aMedicamentos |
||
| 700 | _aRizack, Martin A.,Hillman, Carot D. M. | ||
| 040 |
_aDLC _cDLC |
||
| 942 |
_2ddc _cBK |
||
| 999 |
_c133375 _d13337500 |
||